Powiaty i miasta na prawach powiatu graniczące z Morzem Bałtyckim - Statystyki

Ogólne statystyki
  • Ten quiz został rozwiązany 11 razy
  • Średni wynik to 12 z 14
Statystyki odpowiedzi
Województwo powiat / miasto na prawach powiatu % Poprawnych
Pomorskie Gdańsk
100%
Pomorskie Gdynia
100%
Zachodniopomorskie kołobrzeski
100%
Pomorskie Sopot
100%
Zachodniopomorskie koszaliński
91%
Pomorskie pucki
91%
Pomorskie słupski
91%
Zachodniopomorskie Świnoujście
91%
Pomorskie lęborski
82%
Zachodniopomorskie sławieński
82%
Pomorskie wejherowski
82%
Zachodniopomorskie gryficki
73%
Zachodniopomorskie kamieński
73%
Pomorskie nowodworski
64%
Nie znaleziono quizów pasujących do podanych kryteriów
Rozkład punktacji
Procent ludzi z każdym wynikiem
Percentyl według liczby udzielonych odpowiedzi
Twoja historia wyników
Nie rozwiązałeś tego quizu